00304nam a2200121 a 45000010005000000030005000050050017000100080041000270400020000681000016000882450046001042600032001503393CDMR20130226181323.0130130s2003||||||||||||||||||||||||||||d aCDMRbcatcCDMR1 aFeria, Paco10aS.O.S. Marea negra en GaliciacPaco Feria a[Barcelona :bs.e.c, 2003]